000 00766nam a22002055i 4500
001 167960
003 ES-MaACL
005 20240125164759.0
008 000127s1886 fr |||| | fre d
040 _aM-RACE
_bspa
_cM-RACE
_dCCPB | B
100 1 _aWolf, C.
_9133953
245 1 4 _aLes hypothéses cosmogoniques
_b: examen des théories scientifiques modernes sur l'origine des mondes suivi de la traduction de la théorie du ciel de Kant /
_cpar C. Wolf.
260 _aParis :
_bGauthier-Villars,
_c1886.
300 _aXIII, 255 p. ;
_c24 cm.
600 1 4 _aKant, Immanuel,
_d1724-1804
_9222608
650 4 _aCosmología.
_911389
752 _aFrancia -
_dParís
852 _aES-MaACL
_jF-11310
_z-- Enc. pasta española
999 _c167960
_d167960